000 00631nam a2200181 i 4500
001 146698
003 ES-MaACL
005 20230906201634.0
007 t|
008 070914s1911 fr ||||1| fre d
100 1 _aTrent, William Peterfield.
_9111319
245 1 0 _aHistoires des litteratures
_b: litterature americaine /
_cpar William Peterfield Trent ; traduction de Henry D. Davray.
260 _aParis :
_b[s.n.],
_c1911 (
_fCoulommiers, Paul Brodard)
300 _a430 p. ;
_c20 cm.
650 4 _aLiteratura norteamericana-
_xHistoria y crítica.
_914643
700 1 _aDavray, Henry D.
_942995
852 _aES-MaACL
_jF-5826
999 _c146698
_d146698